000
00234nam a22000977a 4500
100
_a
Rajaram,M.
_9
80181
245
_a
I Sing The Glory of this Land
260
_a
New Delhi
_b
Rupa Publication
_c
2018
650
_a
Poetry
_9
80182
942
_c
BK
999
_c
63627
_d
63627